000 00541nam a22002057a 4500
003 OSt
005 20220107122730.0
008 140219b xxu||||| |||| 00| 0 eng d
020 _a9788177224320
040 _cIIITM-K
082 _a658.872 SOP/E
100 _aSople, Vinod V
_93087
245 _aE-marketing:
_bText and cases
_cby Vinod V Sople
260 _aNew Delhi,
_bBiztantra,
_c2011.
300 _axix, 298p.
650 _aMANAGEMENT
_93088
650 _aMARKETING
_93089
650 _aELECTRONIC MARKETING
_93090
942 _2ddc
_cBK
999 _c3569
_d3569